COBERT'S MANUAL OF SAFETY AND PHARMACOVIGILANCE (Record no. 8304)

MARC details
000 -LEADER
fixed length control field 00501nam a22001817a 4500
005 - DATE AND TIME OF LATEST TRANSACTION
control field 20230509124108.0
008 - FIXED-LENGTH DATA ELEMENTS--GENERAL INFORMATION
fixed length control field 230509b |||||||| |||| 00| 0 eng d
020 ## - INTERNATIONAL STANDARD BOOK NUMBER
ISBN 9780000988331
041 ## - LANGUAGE CODE
Language code of text/sound track or separate title eng
082 ## - DEWEY DECIMAL CLASSIFICATION NUMBER
Classification number 615.7 COB-C
100 ## - MAIN ENTRY--AUTHOR NAME
Personal name COBERT, BARTON ., GREGORY , WILIAM W AND THOMAS , JEAN-LOUP
245 ## - TITLE STATEMENT
Title COBERT'S MANUAL OF SAFETY AND PHARMACOVIGILANCE
250 ## - EDITION STATEMENT
Edition statement 3rd ed.
260 ## - PUBLICATION, DISTRIBUTION, ETC. (IMPRINT)
Name of publisher WORLD SCIENTIFIC
300 ## - PHYSICAL DESCRIPTION
Number of Pages 494;P.
650 ## - SUBJECT ADDED ENTRY--TOPICAL TERM
Topical Term PHARMACY
General subdivision B. PHARMA
942 ## - ADDED ENTRY ELEMENTS (KOHA)
Koha item type Books
Holdings
Lost status Damaged status Collection code Home library Current library Shelving location Date acquired Source of acquisition Cost, normal purchase price Full call number Accession Number Koha item type
    PHARMACY JRU Library JRU Library SHELF-5-D 08/05/2023 LOHIA BOOKS INTERNATIONAL 8349.00 615.7 COB-C 27717 Books